1187 1583 1350 1449 1344 1061 1777 1832 1636 1199 1289 1287 1141 1211 1061 1901 1327 1706 1284 1805 1536 1723 1145 1310 1969 1965 1034 1730 1052 1333 1012 1362 1718 1017 1224 1629 1688 1071 1906 1616 1891 1131 1832 1100 1802 1999 1667 1154 1430 1385 1995 1413 1365 1517 1867 1144 1713 1683 1137 1428 1216 1754 1788 1267 1081 1871 1667 1758 1769 1302 1407 1393 1723 1663 1859 1800 1518 1959 1462 1522 1879 1619 1677 1578 1652 1082 1328 1178 1551 1911 1933 1485 1264 1756 1669 1270 1671 1093 1266 BCNSPRNW ULIB Ver.6.0+V

เปลี่ยนเป็นภาษาไทย

Change to English
 แสดงรายละเอียดบรรณานุกรม
  กลับหน้าหลัก

Brief Record : Get Marc (ISO 2709) : E-mail record : QR code < ปิดหน้าต่าง
LEADER : 00000nam 2200000uu 4500
001    13399122734
003     ULIB
008    020711s2555 th a 000 0 tha d
020    9786162132209
050  4 DS520^bส834ซ
100    สุภฤกษ์ บุญทอง
245    ซัซะไดย...กัมพูชา/^cสุภฤกษ์ บุญทอง
250    พิมพ์ครั้งที่ 1
260    กรุงเทพฯ :^bสกายบุ๊กส์,^c2555
300    72 หน้า
440  0 ชุด ประชาคมอาเซียนฉบับการ์ตูน
650  7 อาเซียน^xเสริมความรู้
650  7 กัมพูชา
945    ^p119^l0^i20176
999    ^aทศพร เกษรทอง
รายการนี้ยังไม่มีแท็ก
คุณยังไม่ได้ล็อกอิน คุณสามารถมีกิจกรรมร่วมกับเว็บไซต์ได้ แต่ต้องล็อกอินก่อน ::
  ล็อกอิน

รายการสื่อสารสนเทศ

ลำดับที่ ประเภท เลขเรียก/บาร์โค้ด สถานที่ สถานะ
1. การศึกษาทั่วไป
การศึกษาทั่วไป
DS520 ส834ซ ฉ.1 
  Barcode: 20176
ห้องสมุดวิทยาเขตนครสวรรค์
►หนังสือทั่วไป:l:General Books
บนชั้น

รายการใกล้เคียง
    ผู้แต่ง [สุภฤกษ์ บุญทอง]

    หัวเรื่อง [กัมพูชา]

BibComment


ยังไม่เคยถูกคอมเมนท์

คอมเมนท์ทรัพยากรรายการนี้
  คอมเมนท์: ซัซะไดยกัมพูชา สุ..


 Copyright 2026. Bcnsprnw @Library